Dettagli MARC
| 000 -LEADER |
| fixed length control field |
04855njm a2200637Ia 4500 |
| 001 - CONTROL NUMBER |
| control field |
69222 |
| 003 - CONTROL NUMBER IDENTIFIER |
| control field |
IT-RoPAU |
| 005 - DATE AND TIME OF LATEST TRANSACTION |
| control field |
20220918181152.0 |
| 008 - FIXED-LENGTH DATA ELEMENTS--GENERAL INFORMATION |
| fixed length control field |
131025s9999 xx 000 0 und d |
| 040 ## - CATALOGING SOURCE |
| Original cataloging agency |
IT-RoPAU |
| 040 ## - CATALOGING SOURCE |
| Transcribing agency |
IT-RoPAU |
| 999 ## - SYSTEM CONTROL NUMBERS (KOHA) |
| Koha Dewey Subclass [OBSOLETE] |
n.d. |
| 100 ## - MAIN ENTRY--PERSONAL NAME |
| Personal name |
AA.VV. |
| 9 (RLIN) |
794 |
| 100 ## - MAIN ENTRY--PERSONAL NAME |
| Relator term |
Autore musica |
| 9 (RLIN) |
24061 |
| 100 ## - MAIN ENTRY--PERSONAL NAME |
| Miscellaneous information |
Codice autore musica SPICS: 12000 |
| 9 (RLIN) |
796 |
| 245 ## - TITLE STATEMENT |
| Title |
Stan Getz (Lp 2Mjp 1061) |
| 250 ## - EDITION STATEMENT |
| Edition statement |
2a ed. |
| 260 ## - PUBLICATION, DISTRIBUTION, ETC. (IMPRINT) |
| Place of publication, distribution, etc. |
MILANO |
| 260 ## - PUBLICATION, DISTRIBUTION, ETC. (IMPRINT) |
| Name of publisher, distributor, etc. |
RUSCONI |
| Date of publication, distribution, etc. |
1988 [1a Ed.:1950 - Ed. Lingua Orig.: 1950] |
| 300 ## - PHYSICAL DESCRIPTION |
| Extent |
DISCO |
| 300 ## - PHYSICAL DESCRIPTION |
| Dimensions |
4 minuti (Testo: pag.) |
| 500 ## - GENERAL NOTE |
| General note |
Musica jazz. Disco fuori commercio allegato al n. 5 '88 di "Musica jazz" |
| 505 ## - FORMATTED CONTENTS NOTE |
| Formatted contents note |
The Lady In Red [(New York, 14 aprile 1950) (4:00)] - My Old Flame [(New York, 14 aprile 1950) (3:00)] - Night and [(Stoccolma, 23 marzo 1951) (3:00)] - Always [(New York, Carnegie Hall, 24 dicembre 1949) (4:00)] - I Got It Bad [(New York, 9 febbraio 1953) (3:00)] - I've Got You Under My Skin [(New York, 6 gennaio 1950) (4:00)] - Pot Luck [(Los Angeles, 22 agosto 1953) (4:00)] - Stan's Mood [(New York, 5 maggio 1949) (3:00)] - All God's Chillun Got Rhythm [(Manchester, 17 maggio 1958) (4:00)] - Flamingo [(Stoccolma, 24 marzo 1951) (4:00)] - Diaper Pin [(New York, ottobre 1948) (3:00)] - Interlude in Bebop [(New York, ottobre 1948) (3:00)] - Broadway [(Chicago, Tv-Cast, 17 settembre 1956) (4:00)] - Modello documento R50An (3:00) - Modello documento R54An (3:00) |
| 511 ## - PARTICIPANT OR PERFORMER NOTE |
| Participant or performer note |
Getz Stan: ten; Aless Tony: p; Heath Percy: cb; Lamond Don: batt |
| 511 ## - PARTICIPANT OR PERFORMER NOTE |
| Participant or performer note |
Getz Stan: ten; Hallberg Bengt: p; Johnsson Gunnar: cb; Noren Jack: batt |
| 511 ## - PARTICIPANT OR PERFORMER NOTE |
| Participant or performer note |
Winding Kai: trne; Getz Stan: ten; Haig Al: p; Potter Tommy: cb; Haynes Roy: batt |
| 511 ## - PARTICIPANT OR PERFORMER NOTE |
| Participant or performer note |
Terry Clark: tr; Cook Willie: tr; Anderson Cat: tr; Nance Ray: tr, viol; Jackson Quentin: trne; Woodman Britt: trne; Tizol Juan: trne; Hamilton Jimmy: cl, ten; Jefferson Hilton: alto; Procope Russell: alto, cl; Getz Stan: ten; Scott Tony: ten, fl; Carney Harry: bar, cl, basso; Ellington Duke: p; Pettiford Oscar: cb; Bellson Louie: batt; Duke Ellington and His Orchestra |
| 511 ## - PARTICIPANT OR PERFORMER NOTE |
| Participant or performer note |
Getz Stan: ten; Haig Al: p; Potter Tommy: cb; Haynes Roy: batt |
| 511 ## - PARTICIPANT OR PERFORMER NOTE |
| Participant or performer note |
Brookmeyer Bob. trne a pist.; Getz Stan: ten; Williams John: p; Kotick Teddy: cb; Isola Frank: batt |
| 511 ## - PARTICIPANT OR PERFORMER NOTE |
| Participant or performer note |
Swope Earl: trne; Getz Stan: ten; Cohn Al: ten; Sims Zoot: ten; Jordan Duke: p; Raney Jimmy: chit; Oliver Mert: cb; Perry Charles: batt |
| 511 ## - PARTICIPANT OR PERFORMER NOTE |
| Participant or performer note |
Getz Stan: ten; Levy Lou: p; Ellis Herb: chit; Brown Ray: cb; Johnson Gus: batt |
| 511 ## - PARTICIPANT OR PERFORMER NOTE |
| Participant or performer note |
Getz Stan: ten; Gullin Lars: bar; Hallberg Bengt: p; Akerberg Yngve: cb; Noren Jack: batt |
| 511 ## - PARTICIPANT OR PERFORMER NOTE |
| Participant or performer note |
Getz Stan: ten; Haig Al: p; Lombardi Clyde: cb; Perry Charlie: batt |
| 511 ## - PARTICIPANT OR PERFORMER NOTE |
| Participant or performer note |
Getz Stan: ten; Haig Al: p; Lombardi Clyde: cb; Perry Charlie: batt; Raney Jimmy: chit |
| 511 ## - PARTICIPANT OR PERFORMER NOTE |
| Participant or performer note |
Getz Stan: ten; Dockery Sam: p; Pettiford Oscar: cb; Blakey Art: batt |
| 650 ## - SUBJECT ADDED ENTRY--TOPICAL TERM |
| Topical term or geographic name as entry element |
JAZZ [DISCHI] |
| Relator term |
Codice MATERIA SPICS: 9950 |
| 9 (RLIN) |
24062 |
| 700 ## - ADDED ENTRY--PERSONAL NAME |
| Personal name |
Getz Stan |
| Miscellaneous information |
Codice interprete SPICS: 10710 |
| Relator term |
Interprete |
| 9 (RLIN) |
24063 |
| 700 ## - ADDED ENTRY--PERSONAL NAME |
| Personal name |
Dixon |
| Miscellaneous information |
Codice autore musica SPICS: 15738 |
| Relator term |
Autore musica |
| Name of part/section of a work |
The Lady In Red |
| 9 (RLIN) |
24064 |
| 700 ## - ADDED ENTRY--PERSONAL NAME |
| Personal name |
Wrubel Allie |
| Miscellaneous information |
Codice autore testo/musica SPICS: 15729 |
| Relator term |
Autore testo/musica |
| Name of part/section of a work |
The Lady In Red |
| 9 (RLIN) |
24065 |
| 700 ## - ADDED ENTRY--PERSONAL NAME |
| Personal name |
Johnson |
| Miscellaneous information |
Codice autore musica SPICS: 20146 |
| Relator term |
Autore musica |
| Name of part/section of a work |
My Old Flame |
| 9 (RLIN) |
24066 |
| 700 ## - ADDED ENTRY--PERSONAL NAME |
| Personal name |
Coslow |
| Miscellaneous information |
Codice autore SPICS: 22532 |
| Relator term |
Autore |
| Name of part/section of a work |
My Old Flame |
| 9 (RLIN) |
24067 |
| 700 ## - ADDED ENTRY--PERSONAL NAME |
| Personal name |
Porter Cole |
| Miscellaneous information |
Codice autore musica SPICS: 13034 |
| Relator term |
Autore musica |
| Name of part/section of a work |
Night and Day - I've Got You Under My Skin |
| 9 (RLIN) |
24068 |
| 700 ## - ADDED ENTRY--PERSONAL NAME |
| Personal name |
Berlin Irving |
| Miscellaneous information |
Codice autore musica SPICS: 14042 |
| Relator term |
Autore musica |
| Name of part/section of a work |
Always |
| 9 (RLIN) |
24069 |
| 700 ## - ADDED ENTRY--PERSONAL NAME |
| Personal name |
Ellington Duke |
| Miscellaneous information |
Codice autore musica SPICS: 13023 |
| Relator term |
Autore musica |
| Name of part/section of a work |
I Got It Bad |
| 9 (RLIN) |
24070 |
| 700 ## - ADDED ENTRY--PERSONAL NAME |
| Personal name |
Mandel Johnny |
| Miscellaneous information |
Codice autore musica SPICS: 11004 |
| Relator term |
Autore musica |
| Name of part/section of a work |
Pot Luck |
| 9 (RLIN) |
24071 |
| 700 ## - ADDED ENTRY--PERSONAL NAME |
| Personal name |
Cohn Al |
| Miscellaneous information |
Codice autore musica SPICS: 10711 |
| Relator term |
Autore musica |
| Name of part/section of a work |
Stan's Mood |
| 9 (RLIN) |
24072 |
| 700 ## - ADDED ENTRY--PERSONAL NAME |
| Personal name |
Kaper |
| Miscellaneous information |
Codice autore musica SPICS: 23713 |
| Relator term |
Autore musica |
| Name of part/section of a work |
All God's Chillun Got Rhythm |
| 9 (RLIN) |
24073 |
| 700 ## - ADDED ENTRY--PERSONAL NAME |
| Personal name |
Jurman |
| Miscellaneous information |
Codice autore testo/musica SPICS: 23787 |
| Relator term |
Autore testo/musica |
| Name of part/section of a work |
All God's Chillun Got Rhythm |
| 9 (RLIN) |
24074 |
| 700 ## - ADDED ENTRY--PERSONAL NAME |
| Personal name |
Anderson Benny |
| Miscellaneous information |
Codice autore musica SPICS: 18865 |
| Relator term |
Autore musica |
| Name of part/section of a work |
Flamingo |
| 9 (RLIN) |
24075 |
| 700 ## - ADDED ENTRY--PERSONAL NAME |
| Personal name |
Grouya |
| Miscellaneous information |
Codice autore SPICS: 15674 |
| Relator term |
Autore |
| Name of part/section of a work |
Flamingo |
| 9 (RLIN) |
24076 |
| 700 ## - ADDED ENTRY--PERSONAL NAME |
| Personal name |
Getz Stan |
| Miscellaneous information |
Codice autore musica SPICS: 10710 |
| Relator term |
Autore musica |
| Name of part/section of a work |
Diaper Pin - Interlude In Bebop - Modello documento R50An - Modello documento R54An |
| 9 (RLIN) |
24077 |
| 700 ## - ADDED ENTRY--PERSONAL NAME |
| Personal name |
Woods H.W. |
| Miscellaneous information |
Codice autore musica SPICS: 16463 |
| Relator term |
Autore musica |
| Name of part/section of a work |
Broadway |
| 9 (RLIN) |
24078 |
| 700 ## - ADDED ENTRY--PERSONAL NAME |
| Personal name |
McKay |
| Miscellaneous information |
Codice autore SPICS: 23785 |
| Relator term |
Autore |
| Name of part/section of a work |
Broadway |
| 9 (RLIN) |
24079 |
| 700 ## - ADDED ENTRY--PERSONAL NAME |
| Personal name |
Bird |
| Miscellaneous information |
Codice autore testo/musica SPICS: 23786 |
| Relator term |
Autore testo/musica |
| Name of part/section of a work |
Broadway |
| 9 (RLIN) |
24080 |
| 942 ## - ADDED ENTRY ELEMENTS (KOHA) |
| Koha item type |
DISCHI |
| Source of classification or shelving scheme |
Dewey Decimal Classification |